Keats poetry & prose / (Record no. 18391)
[ view plain ]
| 000 -LEADER | |
|---|---|
| fixed length control field | 00962nam a2200253 a 4500 |
| 001 - CONTROL NUMBER | |
| control field | 18391 |
| 003 - CONTROL NUMBER IDENTIFIER | |
| rucl marc code | BD-RjUL |
| 005 - DATE AND TIME OF LATEST TRANSACTION | |
| control field | 20211209000258.0 |
| 008 - FIXED-LENGTH DATA ELEMENTS--GENERAL INFORMATION | |
| fixed length control field | 140220s19511922enk 000 0 eng d |
| 035 ## - SYSTEM CONTROL NUMBER | |
| System control number | (BD-RjUL)18449 |
| System control number | (BD-RjUL) |
| 040 ## - CATALOGING SOURCE | |
| Original cataloging agency | ANL |
| Language of cataloging | eng |
| Transcribing agency | ANL |
| Modifying agency | XNTU |
| 041 ## - LANGUAGE CODE | |
| Language code of text/sound track or separate title | eng |
| 082 04 - DEWEY DECIMAL CLASSIFICATION NUMBER | |
| Classification number | 821.7 |
| Edition number | 20 |
| Author mark and year | KEK 1951 |
| 100 1# - MAIN ENTRY--PERSONAL NAME | |
| Personal name | Keats, John, |
| Dates associated with a name | 1795-1821. |
| 9 (RLIN) | 56647 |
| 245 10 - TITLE STATEMENT | |
| Title | Keats poetry & prose / |
| Statement of responsibility, etc. | with essays by Charles Lamb, Leigh Hunt, Robert Bridges & others ; with an introduction and notes by Henry Ellershaw. |
| 260 ## - PUBLICATION, DISTRIBUTION, ETC. (IMPRINT) | |
| Place of publication, distribution, etc. | Oxford : |
| Name of publisher, distributor, etc. | Clarendon Press ; |
| Place of publication, distribution, etc. | Oxford : |
| Name of publisher, distributor, etc. | Oxford University Press, |
| Date of publication, distribution, etc. | c1922.[reprinting 1951] |
| 300 ## - PHYSICAL DESCRIPTION | |
| Pagination | xvi, 204 p., 1 plate : |
| Illustrations | port. ; |
| Size | 19 cm. |
| 490 0# - SERIES STATEMENT | |
| Series statement | The Clarendon series of English literature |
| 500 ## - GENERAL NOTE | |
| General note | Publisher's advertisements bound in the back. |
| 600 10 - SUBJECT ADDED ENTRY--PERSONAL NAME | |
| Personal name | Keats, John, |
| Dates associated with a name | 1795-1821 |
| General subdivision | Criticism and interpretation. |
| 700 1# - ADDED ENTRY--PERSONAL NAME | |
| Personal name | Ellershaw, Henry, |
| Dates associated with a name | 1863- |
| 942 ## - ADDED ENTRY ELEMENTS (KOHA) | |
| Source of classification or shelving scheme | Dewey Decimal Classification |
| Koha item type | Books |
| Lost status | Source of classification or shelving scheme | Damaged status | Not for loan | Collection code | Permanent Location | Current Location | Shelving location | Date acquired | Source of acquisition | Cost, normal purchase price | Total Checkouts | Full call number | Date last seen | Copy number | Koha item type |
|---|---|---|---|---|---|---|---|---|---|---|---|---|---|---|---|
| Dewey Decimal Classification | Not For Loan | Fiction | Central Library, University of Rajshahi | Central Library, University of Rajshahi | Reading Room | 24/01/1955 | oup | 5.10 | 821.7 KEK 1951 | 20/02/2014 | C-1 | Books |